Теория управления (Запис № 575131)
[ простий вигляд ]
| 000 -Лідер | |
|---|---|
| fixed length control field | 02419nam a2200241 4500 |
| 001 - Контрольний номер | |
| control field | 2162214035924060 |
| 003 - Ідентифікатор контрольного номера | |
| control field | UA-OsUOA |
| 005 - Дата та час останнього входження (трансакції) | |
| control field | 20230920100555.0 |
| 008 - Елементи даних фіксованої довжини – загальна інформація | |
| fixed length control field | 230920b un ||||| |||| 00| 0 ukr d |
| 020 ## - Міжнародний стандартний книжковий номер (ISBN) | |
| Міжнародний стандартний книжковий номер (ISBN) (НП) | 5894570042 |
| 040 ## - Джерело каталогізації | |
| Агенція оригінальної каталогізації | UA-OsUOA |
| Мова каталогізації | ukr |
| Агенція, яка здійснювала перезапис | UA-OsUOA |
| Агенція, яка здійснювала модифікацію | UA-OsUOA |
| 041 ## - Код мови | |
| Код мови тексту/ звукової доріжки чи окремого заголовка (П) | ukr |
| 080 ## - Індекс Універсальної десяткової класифікації | |
| Індекс Універсальної десяткової класифікації (УДК) (НП) | 331.1 |
| 090 ## - Локальний шифр розміщення | |
| Класифікаційний індекс УДК | 331.1 |
| Авторський знак (НП) | Г55 |
| 100 ## - Основне введення – ім’я особи | |
| Ім’я особи (НП) | Глущенко Е. В. |
| 245 ## - Відомості про назву | |
| Назва (НП) | Теория управления |
| Решта назви (НП) | уч. курс |
| Дані про відповідальність (НП) | Е. В. Глущенко, Е. В. Захарова, Ю. В. Тихонравов |
| 260 ## - Публікація, розповсюдження і т.п. (Вихідні дані) | |
| Місце публікації, розповсюдження і т.п. (П) | Москва |
| Ім’я/ наймення видавництва, розповсюджувача і т.п. (П) | Вестник |
| Дата публікації, розповсюдження і т.п. (П) | 1997 |
| 300 ## - Фізичний опис | |
| Обсяг | 336 с. |
| 520 ## - Резюме і т.п. | |
| Резюме, реферат, анотація, тощо (НП) | В пособии рассматриваются междисциплинарные основы теории управления, её статус в системе наук, внутренняя структура, а также основные категории (управление, организация, бюрократия, коммуникация, конфликт, стимулирование, мотивация стратегия и т. п.) в контексте различных отраслей знания - менеджмента, социальной философии, юриспруденции, экономики, психологии, культурологии, социологии, этики и др. Книга содержит попытку всеохватной систематизации основных проблем дано тематики, разрабатывающихся в разных науках. Основное внимание при этом уделяется практическим средствам воздействия управляющего на управляемого, главным образом в контексте экономических отношений.<br/>Состояние: удовлетворительное, блок отклеился от обложки и разделился на две части, один лист выпадает, помета ручкой |
| 650 ## - Додаткове предметне введення – тематичний термін | |
| Джерело заголовка чи терміна | UDC |
| Тематичний термін чи географічна назва, як елемент введення (НП) | 331.1 Теорія і організація праці. Стосунки між адміністрацією та працівниками |
| 942 ## - Додаткові елементи входу (Коха) | |
| Source of classification or shelving scheme | Universal Decimal Classification |
| Тип елемента Koha | Книги |
| Стан вилучень | Стан втрат | Джерело класифікації або схеми стелажів | Стан уражень | Не для кредиту | Постійне місце розташування | Поточне розміщення | Дата придбання | Усього замовленно | Повний номер виклику | Штрих-код | Дата останнього перегляду | Ціна ефективна від | Тип елемента Koha |
|---|---|---|---|---|---|---|---|---|---|---|---|---|---|
| Universal Decimal Classification | ЧЗ - Читальна зала | ЧЗ - Читальна зала | 20/09/2022 | 331.1 Г55 | 92202 | 20/09/2023 | 20/09/2023 | Книги |